000 00754cam a2200241 a 4500
001 3106387
005 20180111051050.0
008 990423s1999 nyua 001 0 eng d
010 _a 99216577
020 _a1564202224
035 _a(OCoLC)41242859
040 _aAr
_cAr
_dDLC
041 _aeng
080 _a428.24 ZWI
082 0 0 _a428.24 ZWI
_221
100 1 _a46
101 _aEDU
245 1 0 _aEnglish for everyday activities :
_cLawrence J. Zwier ; [illustrations, Nozumi Kudo].
906 _a7
_bcbc
_ccopycat
_d2
_encip
_f19
_gy-gencatlg
942 _2ddc
_cBK
999 _c40092
_d40092